000 00695nam a2200229Ia 4500
001 9933
003 GE_BSU
008 181216s||||||||xx |||||||||||||| ||und||
040 _cGE_BSU
080 _a821.353.1–1
100 _aმიდელაური,მერი
245 _aპირიმზე.
245 _bლექსები
245 _cრედ. ც.ქაროსანიძე.მხატვ.ჯ.ხუხუნაიშვილი
260 _aთბილისი
260 _bმერანი
260 _c1975
300 _a77გვ.1ფ.პორტრ.16სმ.
653 _aლექსები
653 _aპირიმზე
942 _cBK
999 _c43208
_d43208